| 000 | 01186nam a22002537a 4500 | ||
|---|---|---|---|
| 005 | 2010101908158.0 | ||
| 008 | 101019t xxu||||| |||| 00| 0 hin d | ||
| 010 | _aHIN-90904 | ||
| 020 |
_a8183460224 _c300.00 |
||
| 035 | _aHN-63250 | ||
| 037 | _bDBAD / PUB | ||
| 040 |
_aDPL _bHN |
||
| 082 | _a923.5 | ||
| 100 |
_923632 _aचौधरी, ऋचा |
||
| 245 |
_aफील्ड मॉर्शल एसएचएफजे मानेकशॉ मिलिट्री क्रॉस: _cऋचा चौधरी _b(1914-2008) / |
||
| 246 |
_aField marshal shf j maneshae Military cross _bby Richa Choudhary |
||
| 260 |
_aदिल्ली _bए.आर.एस.पब्लिशर्स एंड डिस्ट्रीब्यूटर्स _c2010 |
||
| 270 |
_a1362, कश्मीरी गेट _bदिल्ली _e110006 |
||
| 300 |
_a207पृ. _c22सेमी (सजिल्द) |
||
| 650 | _9657 | ||
| 700 | _923660 | ||
| 942 |
_2ddc _cHN _h923.5 _mचौधरी |
||
| 999 |
_c48483 _d48483 |
||